000 00626cam a22002053a 4500
001 44920
003 PGUSA
005 20140828084027.0
008 140215s2014||||xxu|||||s|||||000 | eng d
040 _aPGUSA
_beng
042 _adc
100 1 _aJewett, Sarah Orne,
_d1849-1909
245 1 4 _aThe Normans :
_btold chiefly in relation to their conquest of England
_h[electronic resource] /
_cSarah Orne Jewett
260 _bProject Gutenberg,
_c2014
506 _aPublic domain in the USA.
516 _aElectronic text
830 0 _aProject Gutenberg
_v44920
856 4 0 _uhttp://www.gutenberg.org/ebooks/44920
942 _cEB
999 _c274171
_d274171